ბათუმის შოთა რუსთაველის სახელმწიფო უნივერსიტეტის ბიბლიოთეკა

ფინანსური ანგარიშგების საერთაშორისო სტანდარტების გამოყენება : (ბიბ.ჩანაწერი № 61900)

000 -ლიდერი
ფიქსირებული სიგრძის საკონტროლო ველი 01515nam a22002177a 4500
003 - საკონტროლო ნომრის იდენტიფიკატორი
საკონტროლო ველი Ge_BSU
005 - ბოლო ოპერაციის თარიღი და დრო
საკონტროლო ველი 20240605155027.0
008 - ფიქსირებული სიგრძის მონაცემთა ელემენტები - ზოგადი ინფორმაცია
ფიქსირებული სიგრძის საკონტროლო ველი 240605s2008 ge ||||| |||| 00| 0 geo d
041 ## - ენის კოდი
Language code of text/sound track or separate title geo
080 ## - უნივერსალური ათობითი კლასიფიკაციის ინდექსი
Universal Decimal Classification number 657.31(083.74) ძ-34
100 ## - მთავარი ჩანაწერი - პიროვნების სახელი
Personal name ძაძამია, რევაზ
9 (RLIN) 885
245 ## - ცნობა სათაურის შესახებ
Title ფინანსური ანგარიშგების საერთაშორისო სტანდარტების გამოყენება :
Remainder of title თეორიული მასალა, პრაქტიკული მაგალითები, ბუღატრული გატარებები, სავარჯიშოები /
Statement of responsibility, etc რევაზ ძაძამია, რუსუდან ჟორჟოლიანი; რედაქტორი ლ. ჭუმბურიძე; საქ. პროფესიონალ ბუღალტერთა და აუდიტორთა ფედერაცია.
264 ## - წარმოების, გამოცემის, დისტრიბუციის და სხვა ცნობები
გამოცემის, წარმოების, დისტრიბუციის... ადგილი თბილისი,
გამოცემის, წარმოების, დისტრიბუციის... თარიღი 2008.
300 ## - ფიზიკური აღწერა
Extent 564 გვ. ;
Other physical details 29 სმ.
653 ## - INDEX TERM--UNCONTROLLED
Uncontrolled term ფინანსები
653 ## - INDEX TERM--UNCONTROLLED
Uncontrolled term ეკონომიკა
653 ## - INDEX TERM--UNCONTROLLED
Uncontrolled term ბუღატრული გატარებები
700 ## - ADDED ENTRY--PERSONAL NAME
Personal name ჟორჟოლიანი, რუსუდან
Relator term ავტორი
9 (RLIN) 22335
710 ## - ADDED ENTRY--CORPORATE NAME
Corporate name or jurisdiction name as entry element საქ. პროფესიონალ ბუღალტერთა და აუდიტორთა ფედერაცია.
9 (RLIN) 22336
942 ## - ADDED ENTRY ELEMENTS (KOHA)
Source of classification or shelving scheme
Koha item type წიგნი
ეგზემპლარები
ჩამოწერის სტატუსი დაკარგული ეგზემპლარის სტატუსი კლასიფიკაციის წყარო ან თაროზე გაწყობის სქემა დაზიანების სტატუსი არ გაიცემა მუდმივი მდებარეობა (დაცვის ადგილი) ამჟამინდელი ადგილსამყოფელი თაროზე განთავსების ადგილი შეძენის თარიღი ღირებულება, შესყიდვის ნორმალური ფასი სრული შენახვის შიფრი შტრიხკოდი ბოლო ოპერაციის თარიღი ეგზემპლარის მიმდევრობითი ნომერი (კეტერი?) ფასის ძალაში შესვლის თარიღი ეგზემპლარის სახეობა საჯარო შენიშვნა
          ბათუმის შოთა რუსთაველის სახელმწიფო უნივერსიტეტის მთავარი ბიბლიოთეკა ბათუმის შოთა რუსთაველის სახელმწიფო უნივერსიტეტის მთავარი ბიბლიოთეკა წიგნსაცავი 2024-06-05 8.00 657.31(083.74) ძ-34 65977 2024-06-05 65977 2024-06-05 წიგნი 8 ლ.